000 00555nam a2200181Ia 4500
008 240428s9999||||xx |||||||||||||| ||und||
020 _a9780199670840
041 _aeng
082 _a320p.;
100 _aBrown, Garrett ( ed.-) - Mclean Iain ( Ed.) - McMillan Alistair ( ed.-)
245 0 _aOxford concise dictionary of politics and international relations
250 _a4th
260 _bOxford University Press
_c2018
300 _axvi, 592p.:
650 _aDictionary- Politics - International Relations- Dictionary
942 _cBK
999 _c118
_d118